[Event "ISR-ch Youth 2019"]
[Site "Jerusalem"]
[Date "2019.04.11"]
[Round "1.9"]
[White "Levitan, Ronit"]
[Black "Vetshtein, Lior"]
[Result "1-0"]
[WhiteElo "2032"]
[BlackElo "1622"]
[Annotator "NA RC"]
[PlyCount "145"]
[EventDate "2019.04.11"]
[EventType "swiss"]
[EventCountry "ISR"]
[SourceTitle "playchess.com"]
[Source "ChessBase"]
[SourceQuality "1"]
[TimeControl "5400+30"]

{[%evp 23,145,-14,0,32767,32767,32767,32767,32767,32767,32767,32767,-93,-16,32767,-27,32767,-5,-104,-108,-340,32767,32767,32767,32767,32767,32767,-348,-356,-227,-225,-241,-239,-243,-260,-267,-310,-296,-396,-386,-379,-410,-413,32767,32767,32767,32767,32767,32767,32767,32767,91,32767,77,87,86,32,132,0,0,0,0,-8,32767,32767,32767,87,32767,32767,32767,32767,32767,32767,32767,32767,272,113,128,109,358,127,294,347,314,443,363,118,970,1368,1035,1237,1500,1282,6083,1526,1454,1335,1360,924,1495,1512,1578,2342,1469,1807,2167,4436,5081,1734,1455,1632,6079,29964,5273,29974,1679,1627,29991,29992,29992,29993,29994,29989,29989,29990]} 1. e4 {[%emt 0:00:00]} e6 {[%emt 0:00:00]} 2. d4 {[%emt 0:00:00]} d5 {[%emt 0:00:00]} 3. Nd2 {[%emt 0:00:00]} c5 {[%emt 0:00:00]} 4. exd5 {[%emt 0:00:00]} Qxd5 {[%emt 0:00:00]} 5. Ngf3 {[%emt 0:00:07]} cxd4 {[%emt 0:00:05]} 6. Bc4 {[%emt 0:00:12]} Qd6 {[%emt 0:00:09]} 7. O-O {[%emt 0:00:11]} Nf6 {[%emt 0:00:08]} 8. Nb3 {[%emt 0:00:14]} Nc6 {[%emt 0:00:07]} 9. Nbxd4 {[%emt 0:00:41]} Nxd4 {[%emt 0:00:11]} 10. Qxd4 {[%emt 0:00:13]} Qxd4 {[%emt 0:00:17]} 11. Nxd4 {[%emt 0:00:20]} Bc5 {[%emt 0:01:55] C07: French Tarrasch: 3...c5, 4 Ngf3 and 4 exd5 Qxd5} (11... Bd7 12. Be2 Bc5 13. Rd1 Rc8 14. c4 O-O 15. Be3 e5 16. Nc2 Bf5 17. Bxc5 Rxc5 18. Ne3 Be6 19. b4 Rc7 20. c5 Ne4 21. Rac1 Rfc8 22. Bf3 Nf6 23. Bd5 Nxd5 24. Nxd5 Bxd5 25. Rxd5 f6 26. Rcd1 {½-½ (26) Anand,V (2786)-So,W (2812) Stavanger 2017}) 12. Nb5 {[%emt 0:04:21]} Ke7 {[%emt 0:00:56]} 13. Bf4 {[%emt 0:04:56]} Bd7 {[%emt 0:03:57]} 14. Rad1 {[%emt 0:02:29]} Bc6 $146 {[%emt 0:03:24]} ({Predecessor:} 14... Rac8 15. Nd6 Rc6 16. Nxb7 Bxf2+ 17. Rxf2 Rxc4 18. Bd6+ Ke8 19. Ba3 {½-½ (71) Probst,A (1925)-Weise,M (2171) Bad Homburg 2014}) 15. Nd4 {[%emt 0:04:07]} Be4 {[%emt 0:03:32]} 16. Rfe1 {[%emt 0:17:41]} Rhd8 {[%emt 0:04:44]} 17. Nb3 {[%emt 0:21:10]} (17. Be5 $11 {remains equal.}) 17... Bb6 {[%emt 0:02:00]} ({Black should try} 17... Rxd1 $17 18. Rxd1 Bxc2) 18. Bd2 {[%emt 0:10:13]} a6 {[%emt 0:07:07]} 19. Bb4+ {[%emt 0:06:43]} Ke8 {[%emt 0:00:25]} 20. Nd2 {[%emt 0:02:57]} (20. c3 $11 {keeps the balance.}) 20... Bxc2 {[%emt 0:05:20]} 21. Bxe6 $2 {[%emt 0:08:15]} (21. Rc1 $17 Ng4 22. Re2) 21... fxe6 {[%emt 0:01:03]} 22. Rxe6+ {[%emt 0:00:07]} Kf7 {[%emt 0:00:09]} 23. Re7+ {[%emt 0:05:26]} Kg6 {[%emt 0:00:52]} 24. Rc1 {[%emt 0:00:39]} Rac8 {[%emt 0:05:25]} 25. Rxb7 {[%emt 0:03:32]} Be4 {[%emt 0:05:46]} 26. Rxc8 {[%emt 0:02:54]} Bxb7 {[%emt 0:03:53]} 27. Rxd8 {[%emt 0:02:00]} Bxd8 {[%emt 0:00:09]} 28. f3 {[%emt 0:00:05]} Bb6+ {[%emt 0:03:07]} 29. Kf1 {[%emt 0:00:07]} Nd5 {[%emt 0:01:03]} 30. Bd6 {[%emt 0:01:00]} Ne3+ {[%emt 0:03:24]} 31. Ke2 {[%emt 0:00:11]} Nxg2 {[%emt 0:02:13]} 32. Nc4 {[%emt 0:00:40]} Bd4 {[%emt 0:01:09]} 33. b3 {[%emt 0:00:24]} Nh4 {[%emt 0:03:08]} 34. Nd2 {[%emt 0:00:42]} Nf5 {[%emt 0:02:07]} 35. Bc7 {[%emt 0:01:13]} Bc6 {[%emt 0:04:34]} 36. Nc4 {[%emt 0:00:20]} Bc5 $2 {[%emt 0:02:33]} ({Black should play} 36... Kg5 $19 37. Ne5 Bb7 38. Nf7+ Kf6) 37. Ne5+ {[%emt 0:00:26]} Kf6 {[%emt 0:01:45]} 38. Nxc6 {[%emt 0:00:15]} Ke6 {[%emt 0:00:54]} 39. b4 {[%emt 0:03:18]} Bg1 {[%emt 0:03:07] [#]} (39... Kd5 $14 40. Nb8 Nd4+ 41. Kd3 Bxb4) 40. Na5 {[%emt 0:00:35]} (40. Nb8 $1 $16) 40... Nd4+ {[%emt 0:01:41]} 41. Kf1 {[%emt 0:00:23]} Be3 {[%emt 0:00:17]} 42. Bb6 {[%emt 0:01:03]} Nc2 {[%emt 0:00:57]} 43. Bxe3 {[%emt 0:00:05]} Nxe3+ {[%emt 0:00:10]} 44. Ke2 {[%emt 0:00:40]} Nc2 {[%emt 0:00:33]} 45. Nc6 {[%emt 0:00:51]} Kd5 {[%emt 0:03:00]} 46. Kd2 {[%emt 0:00:38]} Na3 {[%emt 0:02:29]} 47. Nb8 {[%emt 0:00:32]} Nc4+ {[%emt 0:00:58]} 48. Kc3 {[%emt 0:00:14]} a5 {[%emt 0:01:15] [#]} 49. Na6 {[%emt 0:00:10]} (49. Nc6 $1 $18 {[%cal Rc6e7][%mdl 512] has better winning chances.} Nd6 (49... Kxc6 50. Kxc4) 50. Nxa5) 49... Ne5 {[%emt 0:03:34] [#]} 50. f4 $1 {[%emt 0:00:03]} Nc6 $2 {[%emt 0:01:21]} (50... Ng4 $16 {might work better.}) 51. b5 $2 {[%emt 0:00:29]} (51. Nc7+ $18 {is the precise move to win.} Kd6 52. Ne8+ Kd5 53. bxa5 (53. Nxg7 Nxb4 54. a3 Na6 $16)) 51... Na7 $2 {[%emt 0:00:51]} (51... Nd4 $16 {was called for.}) 52. a4 {[%emt 0:00:30]} Nc8 {[%emt 0:00:53]} 53. Nc7+ {[%emt 0:00:27]} Ke4 {[%emt 0:01:03] [#]} 54. Na8 $2 {[%emt 0:01:32]} (54. Kc4 $1 $18 {is the precise move to win.}) 54... Kxf4 $2 {[%emt 0:03:15]} (54... Kd5 $16) 55. b6 {[%emt 0:00:04]} Nd6 {[%emt 0:00:12]} 56. Kd4 {[%emt 0:00:05]} g5 {[%emt 0:01:15]} 57. Kd5 {[%emt 0:00:07]} Nb7 {[%emt 0:00:10]} 58. Kc6 {[%emt 0:00:08]} (58. Nc7 $142 Ke3 59. Ne6) 58... Nd8+ {[%emt 0:00:23]} 59. Kc7 {[%emt 0:00:25]} Ne6+ {[%emt 0:00:35]} 60. Kd7 {[%emt 0:00:23]} ({Not} 60. Kc8 Nc5 $16) 60... Nc5+ {[%emt 0:00:29]} 61. Kc6 {[%emt 0:00:08]} Na6 {[%emt 0:01:16]} 62. b7 {[%emt 0:01:20]} Kf3 {[%emt 0:01:07]} 63. Kb6 {[%emt 0:00:05]} Nb8 {[%emt 0:00:07]} 64. Nc7 {[%emt 0:00:20]} Nd7+ {[%emt 0:01:35]} 65. Kc6 {[%emt 0:00:04]} (65. Kxa5 $142 Kg2 66. Kb5 Kxh2 67. a5) 65... Nb8+ {[%emt 0:00:21]} 66. Kb5 {[%emt 0:00:29]} Nd7 {[%emt 0:02:37]} 67. Na6 {[%emt 0:00:08]} Kg2 {[%emt 0:02:09]} 68. Kc6 {[%emt 0:00:05]} Ne5+ {[%emt 0:02:22]} 69. Kd6 {[%emt 0:00:10]} (69. Kd5 $142 Ng6 70. b8=Q) 69... Kxh2 {[%emt 0:04:27]} 70. Kxe5 {[%emt 0:00:25]} g4 {[%emt 0:00:10]} 71. b8=Q {[%emt 0:00:05]} g3 {[%emt 0:00:15]} 72. Qh8 {[%emt 0:00:19]} g2 {[%emt 0:00:40]} 73. Qxh7+ {[%emt 0:00:06]} 1-0

[Event "ISR-ch Youth 2019"]
[Site "Jerusalem"]
[Date "2019.04.11"]
[Round "2.1"]
[White "Tzidkiya, Yeshaayahu"]
[Black "Lukin, Elisha"]
[Result "1-0"]
[WhiteElo "2188"]
[BlackElo "2287"]
[Annotator "NA"]
[PlyCount "77"]
[EventDate "2019.04.11"]
[EventType "swiss"]
[EventCountry "ISR"]
[SourceTitle "playchess.com"]
[Source "ChessBase"]
[SourceQuality "1"]
[TimeControl "5400+30"]

1. e4 {[%emt 0:00:00]} e6 {[%emt 0:05:06]} 2. d4 {[%emt 0:00:00]} d5 {[%emt 0:00:08]} 3. exd5 {[%emt 0:00:47]} exd5 {[%emt 0:00:07]} 4. Nf3 {[%emt 0:00:05]} Nc6 {[%emt 0:00:03]} 5. Bb5 {[%emt 0:01:37]} Bd6 {[%emt 0:01:26]} 6. c4 {[%emt 0:01:00]} dxc4 {[%emt 0:00:36]} 7. d5 {[%emt 0:00:42]} a6 {[%emt 0:00:07]} 8. Ba4 {[%emt 0:00:03]} b5 {[%emt 0:00:05]} 9. dxc6 {[%emt 0:00:06]} bxa4 {[%emt 0:00:05]} 10. O-O {[%emt 0:00:30] C01: French: Exchange Variation} Ne7 {[%emt 0:00:09]} 11. Nbd2 {[%emt 0:00:26]} (11. Qxa4 O-O 12. Nbd2 Rb8 13. a3 c3 14. bxc3 Qe8 15. Nd4 Bb7 16. Re1 Bxc6 17. Qxa6 Ba8 18. Ne4 Be5 19. Qd3 Qd7 20. Ng5 {1-0 (32) Gelfand,B (2673)-Alekseev,E (2639) St Petersburg 2018}) 11... O-O {[%emt 0:04:10]} 12. Nxc4 {[%emt 0:02:50]} Bg4 {[%emt 0:02:14]} 13. Nxd6 $146 {[%emt 0:09:15]} ({Predecessor:} 13. h3 Bh5 14. Nxd6 Qxd6 15. Qxd6 cxd6 16. Nd4 Rfc8 17. Be3 Nxc6 {½-½ (28) Flitsch,G (2278)-Sienkiewicz,W (2205) ICCF email 2016}) 13... cxd6 {[%emt 0:00:14]} 14. Bg5 {[%emt 0:00:56]} h6 {[%emt 0:03:52]} 15. Bxe7 {[%emt 0:05:19]} Qxe7 {[%emt 0:01:57]} 16. Qd3 {[%emt 0:27:56]} Rab8 {[%emt 0:02:54]} 17. b3 {[%emt 0:16:31]} Rfc8 {[%emt 0:05:17]} (17... Bxf3 $11 {keeps the balance.} 18. Qxf3 Qc7) 18. Nd4 {[%emt 0:02:10]} Qa7 {[%emt 0:07:03]} 19. Rac1 {[%emt 0:10:51]} ({Stronger than} 19. bxa4 Rb4 $11 {[%mdl 64] Double Attack}) (19. h3 $18 {has better winning chances.} Bh5 20. Rfc1) 19... axb3 {[%emt 0:19:12]} 20. axb3 {[%emt 0:00:06]} Rb4 {[%emt 0:02:15]} 21. Nf5 {[%emt 0:12:57]} Bxf5 {[%emt 0:08:43]} 22. Qxf5 {[%emt 0:00:05]} Qb8 {[%emt 0:08:52]} 23. Rfe1 {[%emt 0:01:29]} Rb5 {[%emt 0:01:21]} 24. Qd7 {[%emt 0:04:11]} Kh7 {[%emt 0:12:46]} 25. c7 {[%emt 0:00:57]} Qa8 {[%emt 0:01:29]} 26. Qxf7 {[%emt 0:01:15]} Qd5 {[%emt 0:01:41]} 27. Qd7 {[%emt 0:00:34]} Qf5 {[%emt 0:01:16]} 28. Re7 {[%emt 0:00:40]} Qxd7 {[%emt 0:00:42]} 29. Rxd7 {[%emt 0:00:03]} Rxb3 {[%emt 0:01:45]} 30. Kf1 {[%emt 0:00:04]} Rb7 {[%emt 0:00:55]} 31. f4 {[%emt 0:01:15]} a5 {[%emt 0:02:31]} 32. f5 {[%emt 0:00:26]} Rb5 {[%emt 0:01:23]} 33. Rd8 $18 {[%emt 0:00:22]} Rxf5+ {[%emt 0:00:31]} 34. Ke2 {[%emt 0:00:48]} Re5+ {[%emt 0:00:17]} 35. Kf3 {[%emt 0:00:24]} Rf5+ {[%emt 0:00:15]} 36. Ke3 {[%emt 0:00:22]} Re5+ {[%emt 0:00:01]} 37. Kf4 {[%emt 0:00:07]} g5+ {[%emt 0:00:45]} 38. Kg3 {[%emt 0:00:07]} Re3+ {[%emt 0:01:02]} 39. Kf2 {[%emt 0:00:06]} 1-0

[Event "ISR-ch Youth 2019"]
[Site "Jerusalem"]
[Date "2019.04.11"]
[Round "2.2"]
[White "Kochavi, Ori"]
[Black "Globus, Or"]
[Result "1/2-1/2"]
[WhiteElo "2200"]
[BlackElo "2346"]
[Annotator "NA"]
[PlyCount "82"]
[EventDate "2019.04.11"]
[EventType "swiss"]
[EventCountry "ISR"]
[SourceTitle "playchess.com"]
[Source "ChessBase"]
[SourceQuality "1"]
[TimeControl "5400+30"]

1. Nf3 {[%emt 0:00:00]} Nf6 {[%emt 0:00:00]} 2. c4 {[%emt 0:00:00]} g6 {[%emt 0:02:46]} 3. Nc3 {[%emt 0:00:36]} c5 {[%emt 0:00:15]} 4. g3 {[%emt 0:00:59]} Bg7 {[%emt 0:00:15]} 5. Bg2 {[%emt 0:01:05]} Nc6 {[%emt 0:01:10]} 6. O-O {[%emt 0:00:18]} O-O {[%emt 0:01:01]} 7. d3 {[%emt 0:02:02]} b6 {[%emt 0:06:43]} 8. a3 {[%emt 0:02:22] A38: Symmetrical English vs ...g6: 4 Bg2 Bg7 5 Nf3 Nf6} (8. e4 Bb7 9. Bg5 h6 10. Bf4 d6 11. h3 Ne8 12. Be3 Nd4 13. Nh4 e6 14. f4 Qd7 15. Qd2 Kh7 16. Rae1 f5 {0-1 (62) Radjabov,T (2713)-Le,Q (2703) Beijing 2013}) 8... Bb7 {[%emt 0:01:43]} 9. Rb1 {[%emt 0:02:08]} d5 {[%emt 0:07:08]} 10. b4 {[%emt 0:02:24]} cxb4 {[%emt 0:05:00]} 11. axb4 {[%emt 0:00:06]} dxc4 {[%emt 0:03:39]} 12. dxc4 {[%emt 0:00:16]} Qxd1 {[%emt 0:00:03]} 13. Rxd1 {[%emt 0:00:23]} Ng4 $146 {[%emt 0:01:09]} ({Predecessor:} 13... Rfd8 14. Bd2 Nd4 15. Bf4 Nh5 16. Nxd4 Bxg2 17. Kxg2 Nxf4+ 18. gxf4 Rxd4 19. Rxd4 Bxd4 {½-½ (23) Stanescu,C-Kluge,T Regensburg 1996}) 14. Na4 {[%emt 0:05:50]} Rad8 {[%emt 0:01:40]} 15. Ba3 {[%emt 0:02:27]} Rxd1+ {[%emt 0:16:21]} 16. Rxd1 {[%emt 0:00:04]} Rd8 {[%emt 0:00:05]} 17. Rxd8+ {[%emt 0:01:47]} Nxd8 {[%emt 0:00:13]} 18. b5 {[%emt 0:02:20]} Kf8 $1 {[%emt 0:04:54]} 19. h3 {[%emt 0:09:39]} Ne5 {[%emt 0:03:39]} 20. Nxe5 {[%emt 0:02:44]} Bxe5 {[%emt 0:01:09]} 21. c5 {[%emt 0:02:07]} bxc5 {[%emt 0:05:26]} 22. Bxc5 {[%emt 0:02:58]} Bb8 {[%emt 0:02:50]} 23. Nc3 {[%emt 0:02:18]} Bxg2 {[%emt 0:00:25]} 24. Kxg2 {[%emt 0:00:04]} Nb7 {[%emt 0:00:20]} 25. Bd4 $11 {[%emt 0:00:10]} Ke8 {[%emt 0:05:20]} 26. Kf3 {[%emt 0:02:45]} Kd7 {[%emt 0:02:16]} 27. Ke4 {[%emt 0:02:02]} e6 {[%emt 0:02:13]} 28. Kd3 {[%emt 0:02:56]} e5 {[%emt 0:06:48]} 29. Be3 {[%emt 0:01:27]} Nd6 {[%emt 0:02:41]} 30. Kc2 {[%emt 0:03:27]} f5 {[%emt 0:01:29]} 31. Kb3 {[%emt 0:01:17]} Kc8 {[%emt 0:01:10]} 32. Kb4 {[%emt 0:01:59]} Kb7 {[%emt 0:01:33]} 33. f3 {[%emt 0:09:15]} a6 {[%emt 0:01:55]} 34. b6 {[%emt 0:08:50]} Kc6 {[%emt 0:00:39]} 35. Bf2 {[%emt 0:02:18]} Nb7 {[%emt 0:03:24]} 36. Kc4 {[%emt 0:00:55]} Bd6 {[%emt 0:00:00]} 37. Na4 {[%emt 0:00:23]} Na5+ {[%emt 0:00:00]} 38. Kd3 {[%emt 0:00:36]} Kb5 {[%emt 0:00:00]} 39. Nc3+ {[%emt 0:00:06]} Kc6 {[%emt 0:00:00]} 40. Na4 {[%emt 0:00:14]} Kb5 {[%emt 0:00:00]} 41. Nc3+ {[%emt 0:00:09]} Kc6 {[%emt 0:00:00]} 1/2-1/2

[Event "ISR-ch Youth 2019"]
[Site "Jerusalem"]
[Date "2019.04.11"]
[Round "2.4"]
[White "Musyuk, Lior"]
[Black "Verny, David"]
[Result "1-0"]
[WhiteElo "2231"]
[BlackElo "1940"]
[Annotator "NA"]
[PlyCount "57"]
[EventDate "2019.04.11"]
[EventType "swiss"]
[EventCountry "ISR"]
[SourceTitle "playchess.com"]
[Source "ChessBase"]
[SourceQuality "1"]
[TimeControl "5400+30"]

1. e4 {[%emt 0:00:00]} e5 {[%emt 0:00:00]} 2. Nf3 {[%emt 0:00:00]} Nc6 {[%emt 0:00:00]} 3. d4 {[%emt 0:00:11]} exd4 {[%emt 0:00:00]} 4. Bc4 {[%emt 0:00:12]} Nf6 {[%emt 0:00:00]} 5. e5 {[%emt 0:00:20]} d5 {[%emt 0:00:00]} 6. Bb5 {[%emt 0:00:11]} Ne4 {[%emt 0:00:06]} 7. Nxd4 {[%emt 0:00:24]} Bd7 {[%emt 0:00:19]} 8. Bxc6 {[%emt 0:00:24]} bxc6 {[%emt 0:00:10]} 9. O-O {[%emt 0:00:20]} Bc5 {[%emt 0:00:05]} 10. f3 {[%emt 0:00:52]} Ng5 {[%emt 0:00:08]} 11. Be3 {[%emt 0:00:08]} Bb6 {[%emt 0:00:05]} 12. Qd2 {[%emt 0:04:43]} Ne6 {[%emt 0:03:36] C56: Two Knights: 4 d4 exd4 5 0-0 Nxe4} (12... h6 13. Nb3 Qe7 14. Nc3 O-O 15. Rae1 Rad8 16. Qf2 Ne6 17. f4 f5 18. Rd1 g5 19. Ne2 Be8 20. Rd2 {0-1 (54) Battulga,N (2421)-Sanikidze,T (2497) Batumi 2018}) 13. Nb3 {[%emt 0:04:04]} Bc8 $146 {[%emt 0:02:10]} ({Predecessor:} 13... f6 14. f4 fxe5 15. Bxb6 cxb6 16. fxe5 Qg5 17. Nc3 Qxd2 18. Nxd2 Ke7 19. Ne2 Rhf8 20. c3 {0-1 (58) Crespo de Oliveira,L (2209)-Proudian,A (2354) Pocos de Caldas 2014}) 14. f4 {[%emt 0:09:55]} d4 {[%emt 0:13:17]} 15. Bf2 {[%emt 0:00:27]} Qd5 {[%emt 0:00:28]} 16. f5 {[%emt 0:06:04]} Nc5 $1 {[%emt 0:00:17]} 17. Qxd4 {[%emt 0:16:05]} Nxb3 {[%emt 0:01:06]} 18. Qxd5 {[%emt 0:00:09]} cxd5 {[%emt 0:01:06]} 19. axb3 {[%emt 0:04:06]} d4 {[%emt 0:00:12]} 20. c3 {[%emt 0:51:25]} c5 {[%emt 0:04:39]} ({Better is} 20... Bxf5 $14 21. Bxd4 (21. cxd4 Be6 $14) 21... Bd3) 21. b4 {[%emt 0:00:00]} cxb4 {[%emt 0:00:28]} 22. Bxd4 {[%emt 0:00:00]} Bxd4+ {[%emt 0:01:22]} 23. cxd4 {[%emt 0:00:00]} O-O {[%emt 0:00:31]} 24. Nd2 {[%emt 0:00:00]} Rd8 {[%emt 0:02:35]} 25. Nb3 {[%emt 0:00:00]} a5 {[%emt 0:00:22]} 26. Rxa5 {[%emt 0:00:00]} Rxa5 $18 {[%emt 0:00:07]} 27. Nxa5 {[%emt 0:00:00]} Rxd4 {[%emt 0:00:18]} 28. Nc6 {[%emt 0:00:00]} Rc4 {[%emt 0:00:13]} 29. Rd1 {[%emt 0:00:00]} 1-0

[Event "ISR-ch Youth 2019"]
[Site "Jerusalem"]
[Date "2019.04.11"]
[Round "2.5"]
[White "Milikow, Elie"]
[Black "Weissberg, Harel"]
[Result "1-0"]
[WhiteElo "2199"]
[BlackElo "1709"]
[Annotator "NA"]
[PlyCount "63"]
[EventDate "2019.04.11"]
[EventType "swiss"]
[EventCountry "ISR"]
[SourceTitle "playchess.com"]
[Source "ChessBase"]
[SourceQuality "1"]
[TimeControl "5400+30"]

1. e4 {[%emt 0:00:00]} c5 {[%emt 0:00:00]} 2. Nf3 {[%emt 0:00:26]} e6 {[%emt 0:00:00]} 3. d4 {[%emt 0:00:25]} cxd4 {[%emt 0:00:33]} 4. Nxd4 {[%emt 0:00:07]} Nf6 {[%emt 0:00:29]} 5. Nc3 {[%emt 0:00:35]} Nc6 {[%emt 0:00:50]} 6. Ndb5 {[%emt 0:03:45]} Bb4 {[%emt 0:01:36]} 7. a3 {[%emt 0:00:55]} Bxc3+ {[%emt 0:00:26]} 8. Nxc3 {[%emt 0:00:08]} d5 {[%emt 0:00:25]} 9. exd5 {[%emt 0:02:27]} exd5 {[%emt 0:00:48]} 10. Bd3 {[%emt 0:00:53]} O-O {[%emt 0:02:16]} 11. O-O {[%emt 0:00:59]} d4 {[%emt 0:02:29]} 12. Ne2 {[%emt 0:07:59]} Re8 {[%emt 0:03:57]} 13. b4 {[%emt 0:05:55] B45: Sicilian Four Knights} (13. h3 Re5 14. Bf4 Rd5 15. Ng3 Ne5 16. Bxe5 Rxe5 17. Qf3 Qb6 18. Qf4 Re8 19. Ne2 Rd8 20. Rfd1 Be6 21. Nxd4 Qxb2 22. Nxe6 fxe6 {1-0 (49) Andriasian,Z (2588)-Petrov,M (2535) Kalamaria 2010}) 13... a6 {[%emt 0:17:24]} 14. Bb2 {[%emt 0:00:09]} Kh8 $146 {[%emt 0:03:35]} ({Predecessor:} 14... Bg4 15. f3 Be6 16. Rf2 Rc8 17. Nxd4 Nxd4 18. Bxd4 Bc4 19. Bf5 Rc6 20. c3 Nd5 {0-1 (41) Rodriguez Gonzalez,I-Jimenez Lopez,A (2079) Formigal 2002}) 15. Bc4 {[%emt 0:12:37]} Bg4 {[%emt 0:06:55]} 16. f3 {[%emt 0:03:42]} Be6 {[%emt 0:02:14]} 17. Bxe6 {[%emt 0:04:39]} Rxe6 {[%emt 0:02:46]} 18. Nf4 {[%emt 0:02:12]} Rd6 {[%emt 0:03:04]} 19. Qe2 {[%emt 0:08:57]} Nd5 {[%emt 0:02:07]} 20. Nxd5 {[%emt 0:01:08]} Rxd5 {[%emt 0:00:46]} 21. Rad1 {[%emt 0:05:12]} Qb6 $11 {[%emt 0:03:38]} 22. Qf2 {[%emt 0:00:16]} Rad8 {[%emt 0:02:34]} 23. c4 {[%emt 0:00:26]} R5d7 {[%emt 0:02:11]} 24. Rfe1 {[%emt 0:00:55]} Qc7 {[%emt 0:04:10]} 25. c5 {[%emt 0:25:18]} Rd5 {[%emt 0:06:08]} 26. Rd2 {[%emt 0:01:17]} Qd7 {[%emt 0:01:16]} 27. Qg3 {[%emt 0:01:42]} h6 {[%emt 0:08:04]} 28. h4 {[%emt 0:00:26]} Ne7 {[%emt 0:01:37]} 29. Red1 {[%emt 0:02:31]} Nf5 {[%emt 0:03:08]} 30. Qf4 {[%emt 0:00:25]} Ne3 {[%emt 0:01:19]} 31. Bxd4 {[%emt 0:00:07]} Nf5 {[%emt 0:02:22]} 32. Bxg7+ {[%emt 0:00:06]} 1-0

[Event "ISR-ch Youth 2019"]
[Site "Jerusalem"]
[Date "2019.04.11"]
[Round "2.6"]
[White "Pevzner, Maks"]
[Black "Vagman, Roy"]
[Result "1/2-1/2"]
[WhiteElo "1643"]
[BlackElo "1959"]
[Annotator "NA"]
[PlyCount "132"]
[EventDate "2019.04.11"]
[EventType "swiss"]
[EventCountry "ISR"]
[SourceTitle "playchess.com"]
[Source "ChessBase"]
[SourceQuality "1"]
[TimeControl "5400+30"]

1. d4 {[%emt 0:00:00]} Nf6 {[%emt 0:00:19]} 2. Bf4 {[%emt 0:00:20]} g6 {[%emt 0:00:37]} 3. e3 {[%emt 0:01:39]} d6 {[%emt 0:00:35]} 4. Nf3 {[%emt 0:00:14]} Nh5 {[%emt 0:00:18]} 5. Bg5 {[%emt 0:00:14]} h6 {[%emt 0:00:09]} 6. Bh4 {[%emt 0:00:11] A48: 1 d4 Nf6 2 Nf3 g6: Torre, London and Colle Systems} g5 {[%emt 0:00:08]} 7. Nfd2 {[%emt 0:00:39]} Ng7 {[%emt 0:00:22]} 8. Bg3 {[%emt 0:00:19]} Nf5 {[%emt 0:00:07]} 9. Bd3 {[%emt 0:00:35]} (9. c3 Bg7 10. Bd3 e6 11. Na3 Nd7 12. Qf3 Nxg3 13. hxg3 {½-½ (53) Le,Q (2739)-Kasparov,G (2812) Saint Louis 2017}) 9... Nxg3 {[%emt 0:02:11]} 10. hxg3 {[%emt 0:00:31]} Bg7 {[%emt 0:01:11]} 11. Nf3 {[%emt 0:00:43]} Nd7 {[%emt 0:04:12]} 12. Nbd2 {[%emt 0:01:51]} Nf6 {[%emt 0:02:36]} 13. c3 {[%emt 0:02:40]} c5 $146 {[%emt 0:04:13]} ({Predecessor:} 13... Be6 14. Qc2 c6 15. O-O-O {0-1 (34) Tavadyan,T-Coleby,R (2157) ICCF email 2016}) 14. Qc2 {[%emt 0:03:58]} Be6 {[%emt 0:03:11]} 15. Ne4 {[%emt 0:04:11]} Qc7 {[%emt 0:05:51]} 16. dxc5 {[%emt 0:01:19]} Nxe4 {[%emt 0:03:08]} 17. Bb5+ {[%emt 0:01:28]} Kf8 {[%emt 0:02:11]} 18. Qxe4 {[%emt 0:00:59]} Qxc5 {[%emt 0:00:37]} 19. Bd3 {[%emt 0:09:32]} Bd5 {[%emt 0:08:19]} 20. Qa4 $1 {[%emt 0:02:50]} Rc8 {[%emt 0:01:45]} 21. O-O {[%emt 0:01:32]} Bf6 {[%emt 0:03:11]} 22. Qb5 {[%emt 0:04:33]} Qxb5 {[%emt 0:04:50]} 23. Bxb5 {[%emt 0:00:18]} a6 {[%emt 0:05:32]} 24. Bd3 {[%emt 0:00:41]} e5 {[%emt 0:02:20]} 25. Bf5 {[%emt 0:01:25]} Rd8 {[%emt 0:00:23]} 26. Rfd1 {[%emt 0:01:08]} Bc6 {[%emt 0:00:59]} 27. e4 $11 {[%emt 0:00:31]} h5 {[%emt 0:01:34]} 28. Rd2 {[%emt 0:03:51]} Ke7 {[%emt 0:01:58]} 29. Rad1 {[%emt 0:00:58]} g4 {[%emt 0:05:29]} 30. Nh2 {[%emt 0:03:43]} Bg5 {[%emt 0:00:15]} 31. Re2 {[%emt 0:00:11]} Kf6 {[%emt 0:08:28]} 32. c4 {[%emt 0:01:44]} b5 {[%emt 0:02:16]} 33. b3 {[%emt 0:01:21]} bxc4 {[%emt 0:00:15]} 34. bxc4 {[%emt 0:00:23]} Ke7 {[%emt 0:00:07]} 35. Rb2 {[%emt 0:01:23]} Rb8 {[%emt 0:01:05]} 36. Rdb1 {[%emt 0:00:24]} Rxb2 {[%emt 0:00:57]} 37. Rxb2 {[%emt 0:00:13]} Ra8 {[%emt 0:07:16]} 38. Rb6 {[%emt 0:00:18]} Be8 {[%emt 0:00:26]} 39. Rb7+ {[%emt 0:03:59]} Kf8 {[%emt 0:00:23]} 40. Nf1 {[%emt 0:05:55]} a5 {[%emt 0:00:17]} 41. Rb6 {[%emt 0:01:51]} Ke7 {[%emt 0:01:44]} 42. f3 {[%emt 0:00:41]} gxf3 {[%emt 0:01:40]} 43. gxf3 {[%emt 0:00:11]} Ra7 {[%emt 0:00:21]} 44. Bc8 {[%emt 0:01:25]} Rc7 {[%emt 0:02:58]} 45. Ba6 {[%emt 0:01:17]} Bd7 {[%emt 0:03:45]} 46. Rb7 {[%emt 0:01:14]} Rxb7 {[%emt 0:01:35]} 47. Bxb7 {[%emt 0:00:06]} Kd8 {[%emt 0:01:03]} 48. Kf2 {[%emt 0:02:23]} Kc7 {[%emt 0:00:14]} 49. Bd5 {[%emt 0:00:03]} Be8 {[%emt 0:00:33]} 50. Ne3 {[%emt 0:00:24]} Kb6 {[%emt 0:00:52]} 51. Nf5 {[%emt 0:00:25]} Kc5 {[%emt 0:00:18]} 52. Ng7 {[%emt 0:00:23]} Ba4 {[%emt 0:00:57]} 53. Bxf7 {[%emt 0:00:10]} Bd1 {[%emt 0:00:11]} 54. Ne6+ {[%emt 0:00:16]} Kb4 {[%emt 0:00:43]} 55. Nxg5 {[%emt 0:00:10]} a4 {[%emt 0:00:05]} 56. Ne6 {[%emt 0:02:07]} Bb3 {[%emt 0:00:59]} 57. c5 {[%emt 0:06:25]} dxc5 {[%emt 0:01:14]} 58. g4 {[%emt 0:01:47]} hxg4 {[%emt 0:01:17]} 59. fxg4 {[%emt 0:00:07]} Bxa2 {[%emt 0:03:10]} 60. g5 {[%emt 0:00:09]} a3 {[%emt 0:01:22]} 61. g6 {[%emt 0:00:16]} Bc4 {[%emt 0:02:31]} 62. g7 {[%emt 0:06:48]} a2 {[%emt 0:00:01]} 63. g8=Q {[%emt 0:01:35]} a1=Q {[%emt 0:00:07]} 64. Qb8+ {[%emt 0:00:08]} Bb5 {[%emt 0:01:06]} 65. Nc7 {[%emt 0:01:16]} Qd4+ {[%emt 0:00:04]} 66. Kf3 {[%emt 0:02:35]} Qd1+ {[%emt 0:00:17]} 1/2-1/2